000 00383nam a22001457a 4500
008 170217b xxu||||| |||| 00| 0 eng d
082 _aCS/N782.42/K741a
100 _aKattel, Hari
245 _aAankhama aljhieka aakhaharu (Gajal sangraha)
260 _aBiratnagar:
_bVani prakasan,
_c2064BS
300 _ax, 68p.
650 _aNepali songs
653 _aGazal
942 _2ddc
_cGEN
999 _c80079
_d80068